[Event "9th Eksjo it"]
[Site "Eksjo SWE"]
[Date "1981.08.??"]
[Round "6"]
[White "Rantanen, Yrjo"]
[Black "Forintos, Gyozo"]
[Result "1-0"]
[WhiteElo "2465"]
[BlackElo "2460"]
[EventDate "1981.08.19"]
[PlyCount "93"]

1. d4 Nf6 2. Nf3 e6 3. c4 Bb4+ 4. Nbd2 Ne4 5. e3 Nxd2 6. Bxd2 Qe7 7. Bd3 Nc6 8. O-O Bxd2 9. Qxd2 d6 10. Rac1 e5 11. Be4 exd4 12. exd4 O-O 13. Qf4 Qd7 14. Rfe1 Qg4 15. Qd2 Qh5 16. d5 Nb8 17. Nd4 Na6 18. b4 Qh4 19. a3 Qf6 20. Rc3 g6 21. Rf3 Qg7 22. Bf5 Kh8 23. Bxc8 Raxc8 24. Re7 Rce8 25. Qe2 Rxe7 26. Qxe7 Kg8 27. Rf4 Qh6 28. g3 Qg7 29. Kg2 Qh6 30. h4 Qg7 31. Re4 h6 32. h5 gxh5 33. Nf5 Qg6 34. Rf4 Qg5 35. Qd7 Kh8 36. Nh4 Qg7 37. Rf5 f6 38. Qe6 Qf7 39. Qxf7 Rxf7 40. Rxh5 Re7 41. Rxh6+ Kg7 42. Nf5+ Kf7 43. Rh7+ Kg6 44. Rxe7 Kxf5 45. b5 Nc5 46. Rxc7 Ke4 47. f3+ 1-0

[Event "9th Eksjo it"]
[Site "Eksjo SWE"]
[Date "1981.08.??"]
[Round "6"]
[White "Schneider, Lars-Ake"]
[Black "Nun, Josef"]
[Result "1/2-1/2"]
[WhiteElo "2410"]
[BlackElo "2390"]
[EventDate "1981.08.19"]
[PlyCount "173"]

1. Nf3 d5 2. b3 Bg4 3. Bb2 Nd7 4. d4 e6 5. e3 Ngf6 6. Bd3 Bb4+ 7. c3 Bd6 8. c4 c6 9. Nbd2 Qe7 10. Qc2 Ba3 11. Bxa3 Qxa3 12. O-O Qd6 13. cxd5 exd5 14. b4 O-O 15. Rfc1 Rac8 16. Rab1 Rfe8 17. Nh4 g6 18. h3 Be6 19. Nhf3 Nf8 20. Nb3 Ne4 21. Nc5 Nxc5 22. bxc5 Qe7 23. Rb2 Rc7 24. Rcb1 Bc8 25. Qa4 a6 26. Qd1 Ne6 27. Nd2 f5 28. Rb3 Ng5 29. Bf1 Qf6 30. Nf3 Nxf3+ 31. Qxf3 Qg5 32. g3 Rf7 33. Bd3 Kg7 34. Kg2 Qe7 35. h4 h6 36. Rb6 Qc7 37. Rh1 Ref8 38. Qf4 Qe7 39. Qe5+ Qf6 40. Qxf6+ Rxf6 41. Kf3 Re6 42. Rbb1 Re7 43. Rbg1 Rf6 44. Ke2 Rf8 45. Kd2 Rff7 46. Re1 Rf8 47. Rh2 Kf6 48. Bf1 Rfe8 49. Bh3 Be6 50. Rg2 h5 51. Rh2 b6 52. cxb6 Rb8 53. Rb1 Reb7 54. Rhh1 Rxb6 55. Rxb6 Rxb6 56. Kc3 Ke7 57. Rc1 Kd6 58. Bf1 c5 59. dxc5+ Kxc5 60. Bd3 Bd7 61. Bc2 Kd6 62. Bb3 a5 63. Rd1 Bc6 64. Rd4 Kc5 65. a3 Rb8 66. Rd2 Rb7 67. Rb2 Rd7 68. Rd2 Rb7 69. Rd4 Rb8 70. Bc2 Rb7 71. f3 Re7 72. Kd2 Rh7 73. Bb3 Rb7 74. Rd3 Rg7 75. Rc3+ Kd6 76. Kd3 g5 77. Kd4 a4 78. Bc2 gxh4 79. gxh4 Rg3 80. f4 Rg4 81. Bxf5 Rxh4 82. Bd3 Rh2 83. Rc1 Rd2 84. Kc3 Ra2 85. Kd4 Rd2 86. Kc3 Ra2 87. Kd4 1/2-1/2

[Event "9th Eksjo it"]
[Site "Eksjo SWE"]
[Date "1981.08.??"]
[Round "7"]
[White "Forintos, Gyozo"]
[Black "Kaiszauri, Konstanty"]
[Result "1/2-1/2"]
[WhiteElo "2460"]
[BlackElo "2370"]
[EventDate "1981.08.19"]
[PlyCount "81"]

1. d4 Nf6 2. c4 e6 3. Nc3 Bb4 4. Qc2 O-O 5. a3 Bxc3+ 6. Qxc3 b6 7. Bg5 Bb7 8. e3 d6 9. f3 Nbd7 10. Bd3 c5 11. Ne2 Rc8 12. O-O Ba6 13. b3 h6 14. Bh4 d5 15. Rfc1 cxd4 16. exd4 dxc4 17. bxc4 Bxc4 18. Bxc4 b5 19. Qb4 bxc4 20. Rxc4 Qb6 21. Qxb6 axb6 22. Rac1 Rxc4 23. Rxc4 Nd5 24. a4 Ra8 25. Bf2 Kf8 26. Kf1 Ke7 27. Ke1 g5 28. h4 N7f6 29. hxg5 hxg5 30. Kd2 Kd7 31. Bg3 Rc8 32. Rxc8 Kxc8 33. Be5 Nd7 34. Nc3 Nxc3 35. Kxc3 Kb7 36. Kc4 Kc6 37. g4 f6 38. Bg3 Nf8 39. Be1 Ng6 40. Bb4 Nf4 41. Be7 1/2-1/2

[Event "9th Eksjo it"]
[Site "Eksjo SWE"]
[Date "1981.08.??"]
[Round "7"]
[White "Nun, Josef"]
[Black "Moen, Ole Christian"]
[Result "0-1"]
[WhiteElo "2390"]
[BlackElo "2315"]
[EventDate "1981.08.19"]
[PlyCount "114"]

1. d4 Nf6 2. Nf3 g6 3. Bg5 Bg7 4. Nbd2 h6 5. Bh4 d6 6. e4 c5 7. dxc5 dxc5 8. c3 O-O 9. Qc2 Nc6 10. Be2 Nh5 11. O-O Nf4 12. Bc4 Na5 13. Rad1 Qe8 14. Bg3 Nxc4 15. Bxf4 Na5 16. Rfe1 Be6 17. b3 b5 18. Nf1 Bg4 19. Ne3 Bxf3 20. gxf3 Rd8 21. Rxd8 Qxd8 22. Rd1 Qc8 23. Kg2 Nc6 24. Rd5 Nd8 25. Bg3 h5 26. f4 e6 27. Rd1 Nc6 28. e5 Rd8 29. Bh4 Rxd1 30. Qxd1 Bh6 31. Qd6 Bxf4 32. Qxc5 Qb7 33. Kf1 Nxe5 34. Qd4 Qh1+ 35. Ke2 Qf3+ 36. Ke1 Nc6 37. Qd3 g5 38. Bg3 h4 39. Bxf4 gxf4 40. Qd1 Ne5 41. Qd8+ Kg7 42. Qd4 f6 43. Nc2 Nd3+ 44. Kd2 Nxf2 45. Kc1 Qe2 46. Qxa7+ Kg6 47. Nb4 Qd1+ 48. Kb2 Qd2+ 49. Kb1 f3 50. Qa8 Qxc3 51. Qe8+ Kg5 52. Qxb5+ f5 53. Qb8 Ne4 54. Qg8+ Kf4 55. Qb8+ Kg4 56. Nc2 f2 57. Qb5 f1=Q+ 0-1

[Event "9th Eksjo it"]
[Site "Eksjo SWE"]
[Date "1981.08.??"]
[Round "7"]
[White "Renman, Nils-Gustaf"]
[Black "Karlsson, Lars"]
[Result "1/2-1/2"]
[WhiteElo "2400"]
[BlackElo "2460"]
[EventDate "1981.08.19"]
[PlyCount "113"]

1. d4 Nf6 2. c4 e6 3. Nc3 c5 4. d5 exd5 5. cxd5 d6 6. Nf3 g6 7. e4 Bg7 8. Nd2 O-O 9. Be2 Nbd7 10. O-O Nb6 11. a4 Bd7 12. f4 Re8 13. Bf3 Rb8 14. a5 Nc8 15. Nc4 Re7 16. e5 Ne8 17. Kh1 b5 18. axb6 axb6 19. Be3 Qc7 20. Qc1 b5 21. Na5 dxe5 22. Nc6 Bxc6 23. dxc6 e4 24. Nxe4 c4 25. Nc3 Nf6 26. f5 b4 27. Bf4 Nd6 28. Nd5 Nxd5 29. Bxd5 c3 30. bxc3 Bxc3 31. fxg6 hxg6 32. Qc2 Kg7 33. Rad1 Rbe8 34. Qf2 Be5 35. Bxe5+ Rxe5 36. Qf6+ Kh6 37. Rd3 Rh5 38. Qf4+ Kh7 39. Bf3 Rhe5 40. Qxb4 R8e6 41. g3 Re3 42. Rxe3 Rxe3 43. Qh4+ Kg8 44. Qf6 Re6 45. Qf4 Qe7 46. Qb4 Re3 47. Kg2 Qe5 48. Qd2 Rc3 49. Rc1 Rxc1 50. Qxc1 Nb5 51. Qf4 Qxf4 52. gxf4 Kf8 53. Be2 Nc7 54. Bc4 Ke7 55. Kg3 f6 56. h4 f5 57. Kf3 1/2-1/2

[Event "9th Eksjo it"]
[Site "Eksjo SWE"]
[Date "1981.08.??"]
[Round "7"]
[White "Spasov, Luben"]
[Black "Ornstein, Axel"]
[Result "1-0"]
[WhiteElo "2460"]
[BlackElo "2480"]
[EventDate "1981.08.19"]
[PlyCount "97"]

1. d4 Nf6 2. c4 e6 3. Nf3 b6 4. a3 c5 5. d5 Ba6 6. Qc2 exd5 7. cxd5 d6 8. Nc3 g6 9. g3 Bg7 10. Bg2 O-O 11. O-O Re8 12. Re1 b5 13. e4 b4 14. axb4 cxb4 15. Nb1 b3 16. Qxb3 Rxe4 17. Be3 Bc4 18. Qc2 Bxd5 19. Nc3 Rc4 20. Qd3 Rxc3 21. bxc3 Be4 22. Qd2 Nc6 23. Bg5 d5 24. Qf4 Nh5 25. Qe3 Qf8 26. Nd4 Nxd4 27. cxd4 Qb4 28. Bxe4 Bxd4 29. Qa3 Qxa3 30. Rxa3 dxe4 31. Rxe4 Bc5 32. Ra6 Ng7 33. Be3 Bf8 34. Rxa7 Rxa7 35. Bxa7 h5 36. Bd4 f5 37. Re2 Kf7 38. Rb2 Ne6 39. Rb7+ Kg8 40. Be5 Nc5 41. Ra7 Nd3 42. Bd4 f4 43. Ra6 Kh7 44. Ra8 Kg8 45. Ra6 Kh7 46. Kf1 fxg3 47. hxg3 Kh6 48. Ke2 Nb4 49. Ra8 1-0

[Event "9th Eksjo it"]
[Site "Eksjo SWE"]
[Date "1981.08.??"]
[Round "7"]
[White "Wedberg, Tom"]
[Black "Schneider, Lars-Ake"]
[Result "1-0"]
[WhiteElo "2420"]
[BlackElo "2410"]
[EventDate "1981.08.19"]
[PlyCount "67"]

1. e4 c5 2. Nf3 Nc6 3. d4 cxd4 4. Nxd4 Nf6 5. Nc3 d6 6. Bc4 e6 7. Be3 a6 8. Qe2 Qc7 9. O-O-O Bd7 10. Bb3 b5 11. Rhe1 Be7 12. f3 b4 13. Na4 Nxd4 14. Bxd4 Bb5 15. Qd2 Rb8 16. e5 Nd7 17. exd6 Bxd6 18. Re4 Be5 19. Bxe5 Nxe5 20. Qd4 Nd3+ 21. Kb1 O-O 22. cxd3 Rfc8 23. Qe3 Qc6 24. Rxb4 a5 25. Rg4 Bxa4 26. Rc4 Bxb3 27. Rxc6 Bxd1 28. Qc1 Rxc6 29. Qxc6 g6 30. Qe4 Rc8 31. b3 Bc2+ 32. Kb2 Bd1 33. Qe1 Rc2+ 34. Kb1 1-0

[Event "9th Eksjo it"]
[Site "Eksjo SWE"]
[Date "1981.08.??"]
[Round "8"]
[White "Karlsson, Lars"]
[Black "Nun, Josef"]
[Result "1-0"]
[WhiteElo "2460"]
[BlackElo "2390"]
[EventDate "1981.08.19"]
[PlyCount "53"]

1. b3 d5 2. Bb2 Bg4 3. h3 Bh5 4. d3 c5 5. Nd2 Nc6 6. Ngf3 f6 7. e3 e5 8. Be2 Bf7 9. a3 Bd6 10. c4 Nge7 11. cxd5 Nxd5 12. Rc1 Rc8 13. Ne4 b6 14. d4 exd4 15. exd4 O-O 16. Nxd6 Qxd6 17. dxc5 bxc5 18. O-O Rfd8 19. Qc2 Nb6 20. Ba6 Rc7 21. Rfd1 Qf8 22. Bd3 Kh8 23. Bxh7 Rxd1+ 24. Rxd1 Bxb3 25. Qxb3 Kxh7 26. h4 Rd7 27. Rxd7 1-0

[Event "9th Eksjo it"]
[Site "Eksjo SWE"]
[Date "1981.08.??"]
[Round "8"]
[White "Moen, Ole Christian"]
[Black "Wedberg, Tom"]
[Result "0-1"]
[WhiteElo "2315"]
[BlackElo "2420"]
[EventDate "1981.08.19"]
[PlyCount "150"]

1. Nf3 g6 2. g3 c5 3. Bg2 Bg7 4. O-O Nc6 5. e4 e5 6. a3 Nge7 7. Nc3 d6 8. Rb1 O-O 9. b4 b6 10. b5 Nd4 11. Nxd4 exd4 12. Ne2 Bb7 13. d3 d5 14. Nf4 dxe4 15. Bxe4 Bxe4 16. dxe4 Rc8 17. Re1 Qc7 18. a4 Rfd8 19. Qf3 Be5 20. Nd3 Bg7 21. Bg5 h6 22. Bf4 Qd7 23. Rbd1 Qe6 24. Re2 Qa2 25. Be5 Bxe5 26. Nxe5 Qe6 27. Nd3 c4 28. Nf4 Qe5 29. Red2 Rd6 30. Ne2 Rcd8 31. Qf4 Qxf4 32. Nxf4 d3 33. cxd3 Rd4 34. f3 g5 35. Ne2 Rxd3 36. Rxd3 cxd3 37. Nc3 Ng6 38. Nd5 Rc8 39. Rxd3 Rc1+ 40. Kf2 Rc2+ 41. Ke3 Rxh2 42. Nb4 h5 43. Rd7 h4 44. gxh4 gxh4 45. Rd1 Kf8 46. Nc6 Ra2 47. Nxa7 Ra3+ 48. Kf2 Ra2+ 49. Ke3 Rxa4 50. Nc8 Rb4 51. Nxb6 Rxb5 52. Nd5 Rb3+ 53. Ke2 Rb2+ 54. Ke3 Kg7 55. f4 Rb3+ 56. Kd4 h3 57. Rh1 Nh4 58. Nc3 h2 59. Kc4 Rb2 60. Nd1 Ra2 61. Kd4 Nf3+ 62. Ke3 Ng1 63. Kd3 Kg6 64. Ne3 Nh3 65. Kd4 Ra4+ 66. Nc4 Ng1 67. Kd3 Nf3 68. Ne5+ Nxe5+ 69. fxe5 Ra2 70. Ke3 Kg5 71. Kf3 Kh4 72. Rd1 Kh3 73. Rc1 Rg2 74. Rc8 Rg3+ 75. Kf2 Rf3+ 0-1

[Event "9th Eksjo it"]
[Site "Eksjo SWE"]
[Date "1981.08.??"]
[Round "8"]
[White "Ornstein, Axel"]
[Black "Forintos, Gyozo"]
[Result "1-0"]
[WhiteElo "2480"]
[BlackElo "2460"]
[EventDate "1981.08.19"]
[PlyCount "75"]

1. d4 Nf6 2. c4 e6 3. Nf3 d5 4. Bg5 Be7 5. Nc3 O-O 6. Qc2 h6 7. Bxf6 Bxf6 8. Rd1 c6 9. e4 dxe4 10. Qxe4 Qb6 11. Bd3 g6 12. Rd2 Nd7 13. Qe3 Bg7 14. c5 Qc7 15. Re2 b6 16. O-O bxc5 17. dxc5 Qa5 18. Ne4 Qxa2 19. Nd6 Qa5 20. Bxg6 fxg6 21. Qxe6+ Kh7 22. Nxc8 Raxc8 23. Qxd7 Rc7 24. Qd6 Rf6 25. b4 Rxd6 26. cxd6 Qb6 27. dxc7 Qxc7 28. h4 Qb7 29. Rd1 a6 30. Re6 c5 31. bxc5 a5 32. c6 Qb3 33. Rdd6 Qc4 34. Re7 Qc1+ 35. Ne1 h5 36. Rdd7 Kh6 37. Rxg7 Qxe1+ 38. Kh2 1-0

[Event "9th Eksjo it"]
[Site "Eksjo SWE"]
[Date "1981.08.??"]
[Round "8"]
[White "Rantanen, Yrjo"]
[Black "Kaiszauri, Konstanty"]
[Result "1/2-1/2"]
[WhiteElo "2465"]
[BlackElo "2370"]
[EventDate "1981.08.19"]
[PlyCount "34"]

1. d4 Nf6 2. Nf3 e6 3. c4 Bb4+ 4. Nbd2 O-O 5. e3 d5 6. a3 Be7 7. Bd3 Nbd7 8. O-O c5 9. b3 cxd4 10. exd4 b6 11. Qe2 Bb7 12. Bb2 Re8 13. Rad1 Bf8 14. Ne5 g6 15. f4 Bg7 16. g4 Rc8 17. h3 Rc7 1/2-1/2

[Event "9th Eksjo it"]
[Site "Eksjo SWE"]
[Date "1981.08.??"]
[Round "9"]
[White "Forintos, Gyozo"]
[Black "Schneider, Lars-Ake"]
[Result "1-0"]
[WhiteElo "2460"]
[BlackElo "2410"]
[EventDate "1981.08.19"]
[PlyCount "81"]

1. d4 Nf6 2. c4 e6 3. Nc3 Bb4 4. Qc2 O-O 5. Nf3 c5 6. a3 Bxc3+ 7. Qxc3 cxd4 8. Qxd4 Nc6 9. Qh4 d5 10. e3 Na5 11. Bd2 Nb3 12. Rd1 Nxd2 13. Rxd2 Qc7 14. Bd3 b5 15. cxb5 Qc1+ 16. Rd1 Qxb2 17. Qd4 Qxa3 18. Ra1 Qd6 19. O-O Nd7 20. e4 Bb7 21. e5 Qe7 22. Rfc1 Nb6 23. Rc2 h6 24. h3 Rfb8 25. Rca2 Bc8 26. h4 Rb7 27. Bc2 Bd7 28. Qd3 g6 29. h5 Be8 30. hxg6 fxg6 31. Nd4 Kg7 32. Ra6 Bf7 33. Qh3 Rc8 34. Nc6 Qc5 35. Bd3 Nc4 36. Qf3 Rbc7 37. Qf6+ Kh7 38. Rxa7 Nb2 39. Rxc7 Rxc7 40. Ra8 Qc1+ 41. Kh2 1-0

[Event "9th Eksjo it"]
[Site "Eksjo SWE"]
[Date "1981.08.??"]
[Round "9"]
[White "Kaiszauri, Konstanty"]
[Black "Ornstein, Axel"]
[Result "0-1"]
[WhiteElo "2370"]
[BlackElo "2480"]
[EventDate "1981.08.19"]
[PlyCount "76"]

1. e4 e6 2. d4 d5 3. Nd2 c5 4. exd5 Qxd5 5. Ngf3 cxd4 6. Bc4 Qd6 7. O-O Nf6 8. Nb3 Nc6 9. Nbxd4 Nxd4 10. Nxd4 a6 11. b3 Qc7 12. Qe2 b5 13. Bd3 Bc5 14. Nf5 O-O 15. Nxg7 Kxg7 16. Bb2 Rg8 17. Be4 Ra7 18. Qh5 h6 19. Rad1 Be7 20. Be5 Bb7 21. Rd4 Bxe4 22. Rxe4 Qxc2 23. Rg4+ Kf8 24. Qxh6+ Ke8 25. Rxg8+ Nxg8 26. Qh8 Qg6 27. Rc1 f6 28. Bb2 Kf7 29. Qh3 Rd7 30. Re1 Qf5 31. g4 Qg6 32. Qf3 Qd3 33. Qc6 Rd6 34. Qc8 Qf3 35. g5 fxg5 36. Qc2 Qg4+ 37. Kf1 Qf5 38. Qc3 Qd3+ 0-1

[Event "9th Eksjo it"]
[Site "Eksjo SWE"]
[Date "1981.08.??"]
[Round "9"]
[White "Renman, Nils-Gustaf"]
[Black "Rantanen, Yrjo"]
[Result "1-0"]
[WhiteElo "2400"]
[BlackElo "2465"]
[EventDate "1981.08.19"]
[PlyCount "61"]

1. d4 Nf6 2. Nf3 g6 3. c4 Bg7 4. g3 O-O 5. Bg2 d6 6. O-O c6 7. Nc3 Qa5 8. h3 e5 9. d5 cxd5 10. cxd5 b5 11. Nd2 a6 12. a4 b4 13. Nce4 Ne8 14. Qb3 Qd8 15. Nc4 a5 16. Bg5 f6 17. Be3 Ra6 18. Rac1 Bf5 19. Ned2 Bd7 20. f4 exf4 21. Bxf4 Kh8 22. Nf3 Qe7 23. e4 Qxe4 24. Nfe5 Qf5 25. g4 Qxf4 26. Nxg6+ hxg6 27. Rxf4 Bh6 28. Rff1 Bxc1 29. Rxc1 Kg7 30. Bf1 Rf7 31. Qe3 1-0

[Event "9th Eksjo it"]
[Site "Eksjo SWE"]
[Date "1981.08.??"]
[Round "9"]
[White "Spasov, Luben"]
[Black "Moen, Ole Christian"]
[Result "1-0"]
[WhiteElo "2460"]
[BlackElo "2315"]
[EventDate "1981.08.19"]
[PlyCount "55"]

1. Nf3 Nf6 2. c4 g6 3. d4 Bg7 4. g3 d6 5. Bg2 c6 6. O-O O-O 7. Nc3 Qa5 8. h3 e5 9. e4 Na6 10. Re1 exd4 11. Nxd4 Qc5 12. b3 Nd5 13. Nce2 Ndc7 14. Rb1 d5 15. cxd5 cxd5 16. Be3 Qa5 17. b4 Nxb4 18. Bd2 Nca6 19. Nc2 dxe4 20. Nxb4 Bf5 21. Nxa6 Qxa6 22. Be3 Rfd8 23. Qb3 b6 24. Nf4 h5 25. g4 hxg4 26. hxg4 Bxg4 27. Bxe4 Qa5 28. Bxa8 1-0

[Event "9th Eksjo it"]
[Site "Eksjo SWE"]
[Date "1981.08.??"]
[Round "9"]
[White "Wedberg, Tom"]
[Black "Karlsson, Lars"]
[Result "1/2-1/2"]
[WhiteElo "2420"]
[BlackElo "2460"]
[EventDate "1981.08.19"]
[PlyCount "111"]

1. e4 e6 2. d4 d5 3. e5 c5 4. c3 Nc6 5. a3 Qb6 6. Nf3 c4 7. g3 Na5 8. Nbd2 Bd7 9. h4 Ne7 10. Bh3 h6 11. O-O O-O-O 12. Rb1 Kb8 13. Ne1 Nb3 14. Ng2 Nc6 15. Ne3 Nca5 16. Qf3 Be8 17. h5 Be7 18. Qg4 Rg8 19. Nf3 Ka8 20. Ng2 Nxc1 21. Rfxc1 Bd7 22. Qf4 Rdf8 23. Qe3 Ba4 24. Nd2 Nb3 25. Nxb3 Bxb3 26. Ra1 Ba4 27. Rab1 Bb3 28. Ra1 Re8 29. Ne1 Bg5 30. f4 Bd8 31. Nf3 g6 32. hxg6 fxg6 33. Kh2 a6 34. Qe2 Qc7 35. Rh1 Qh7 36. Rac1 g5 37. fxg5 hxg5 38. g4 Ref8 39. Kg3 Rf4 40. Bg2 Qg6 41. Ne1 Rgf8 42. Bf3 Ka7 43. Rh3 Ba2 44. Kg2 Bb3 45. Kg1 Ba4 46. Qh2 Qg8 47. Qe2 Be8 48. Ng2 R4f7 49. Rf1 Rh7 50. Rxh7 Qxh7 51. Ne1 Rh8 52. Rf2 Qg7 53. Rh2 Rg8 54. Qd1 Bg6 55. Rf2 Be7 56. Qd2 1/2-1/2

[Event "9th Eksjo it"]
[Site "Eksjo SWE"]
[Date "1981.08.??"]
[Round "10"]
[White "Karlsson, Lars"]
[Black "Spasov, Luben"]
[Result "1/2-1/2"]
[WhiteElo "2460"]
[BlackElo "2460"]
[EventDate "1981.08.19"]
[PlyCount "27"]

1. c4 Nf6 2. g3 e6 3. Bg2 d5 4. Nf3 Be7 5. O-O O-O 6. d4 dxc4 7. Qc2 a6 8. a4 Bd7 9. Qxc4 Bc6 10. Bf4 Nbd7 11. Nc3 Nb6 12. Qb3 Nbd5 13. Rfd1 Nxf4 14. gxf4 1/2-1/2

[Event "9th Eksjo it"]
[Site "Eksjo SWE"]
[Date "1981.08.??"]
[Round "10"]
[White "Moen, Ole Christian"]
[Black "Forintos, Gyozo"]
[Result "1/2-1/2"]
[WhiteElo "2315"]
[BlackElo "2460"]
[EventDate "1981.08.19"]
[PlyCount "161"]

1. e4 c5 2. Nf3 Nc6 3. d4 cxd4 4. Nxd4 e5 5. Nb5 a6 6. Nd6+ Bxd6 7. Qxd6 Qf6 8. Qd1 Qg6 9. Nc3 d5 10. Nxd5 Qxe4+ 11. Be3 Nd4 12. Nc7+ Ke7 13. Qd3 Nxc2+ 14. Kd2 Qxd3+ 15. Bxd3 Nxe3 16. Nxa8 Nd5 17. a4 Ngf6 18. Rhc1 Rd8 19. Ke1 Bd7 20. Nc7 Nb4 21. Ra3 Rc8 22. Rb3 Nxd3+ 23. Rxd3 Bc6 24. Nd5+ Nxd5 25. Rxd5 Bxd5 26. Rxc8 Bxg2 27. Kd2 Bc6 28. b4 h5 29. b5 axb5 30. axb5 Bg2 31. Ke3 Bd5 32. f4 Kd7 33. Rc1 Ke6 34. fxe5 Kxe5 35. Rg1 g6 36. Rg5+ Kd6 37. Kd4 Be6 38. Rc5 h4 39. b6 h3 40. Rc7 Bd5 41. Rc8 Bg2 42. Rc7 f6 43. Rf7 Ke6 44. Rg7 Kf5 45. Ke3 g5 46. Rf7 Kg6 47. Rf8 f5 48. Ke2 Be4 49. Rh8 Bg2 50. Rf8 f4 51. Kf2 Be4 52. Rg8+ Kf6 53. Rh8 g4 54. Kg1 Ke5 55. Rh6 Kd4 56. Kf2 Kc5 57. Rh4 Bf3 58. Rh6 Kb5 59. Kg1 Bg2 60. Kf2 Kc5 61. Kg1 g3 62. Rf6 gxh2+ 63. Kxh2 Kb5 64. Kg1 Bc6 65. Rxf4 Kxb6 66. Rh4 Bg2 67. Kf2 Kc5 68. Ke3 Kd5 69. Kd3 Bf1+ 70. Kc3 Ke5 71. Kd2 Kf5 72. Ke3 Kg5 73. Rh7 Bg2 74. Kf2 Kg4 75. Rh8 Be4 76. Rg8+ Kf4 77. Rf8+ Bf5 78. Rb8 Be4 79. Rf8+ Ke5 80. Kg3 Bg2 81. Rb8 1/2-1/2

[Event "9th Eksjo it"]
[Site "Eksjo SWE"]
[Date "1981.08.??"]
[Round "10"]
[White "Rantanen, Yrjo"]
[Black "Ornstein, Axel"]
[Result "0-1"]
[WhiteElo "2465"]
[BlackElo "2480"]
[EventDate "1981.08.19"]
[PlyCount "58"]

1. e4 c6 2. d4 d5 3. exd5 cxd5 4. c4 Nf6 5. Nc3 e6 6. Nf3 Bb4 7. cxd5 exd5 8. Bd3 O-O 9. O-O Nc6 10. Bg5 Bxc3 11. bxc3 Bg4 12. Qd2 Bxf3 13. gxf3 Qd6 14. Rab1 b6 15. Kh1 Nh5 16. Rg1 Na5 17. Bh4 h6 18. Be7 Nc4 19. Bxf8 Kxf8 20. Bxc4 dxc4 21. Qe2 Re8 22. Qxc4 Qf6 23. Qd5 Nf4 24. Qb7 Ne2 25. Rge1 g6 26. Rb2 Ng3+ 27. hxg3 Rxe1+ 28. Kg2 Qf5 29. Qa6 Qh5 0-1

[Event "9th Eksjo it"]
[Site "Eksjo SWE"]
[Date "1981.08.??"]
[Round "10"]
[White "Renman, Nils-Gustaf"]
[Black "Nun, Josef"]
[Result "0-1"]
[WhiteElo "2400"]
[BlackElo "2390"]
[EventDate "1981.08.19"]
[PlyCount "124"]

1. c4 e5 2. Nc3 Nf6 3. g3 c6 4. Nf3 e4 5. Nd4 Qb6 6. Nb3 a5 7. d3 Bb4 8. Bg2 a4 9. Be3 Qd8 10. Nd4 a3 11. Qb3 Qa5 12. Bd2 axb2 13. Qxb2 exd3 14. exd3 Ba3 15. Qb3 Qe5+ 16. Nde2 d5 17. cxd5 Nxd5 18. d4 Qf5 19. Nxd5 cxd5 20. Qxd5 Nc6 21. O-O Qxd5 22. Bxd5 O-O 23. Bc3 Nb4 24. Bb3 Bh3 25. Rfe1 Rac8 26. f3 Bf5 27. g4 Bd3 28. Kf2 Nc2 29. Bxc2 Bxc2 30. Ke3 b5 31. d5 Rfd8 32. Kd2 Bg6 33. Nf4 b4 34. Be5 f6 35. Nxg6 Rxd5+ 36. Ke2 hxg6 37. Bf4 g5 38. Bc1 Rc2+ 39. Kf1 Rd3 40. Be3 Rxh2 41. Kg1 Rc2 42. Kf1 Kh7 43. Re2 Rcc3 44. Rae1 b3 45. axb3 Rxb3 46. Bf2 Rxf3 47. Kg2 Rf4 48. Re4 Rb4 49. Rxb4 Bxb4 50. Rh1+ Kg6 51. Kg3 Bd6 52. Re1 Kf7 53. Re2 g6 54. Be3 Rc4+ 55. Kf3 Bf4 56. Bf2 f5 57. Ra2 Bd6 58. Rd2 Bc5 59. Bg3 Rxg4 60. Rd7+ Ke6 61. Rg7 Kf6 62. Rc7 Rxg3+ 0-1

[Event "9th Eksjo it"]
[Site "Eksjo SWE"]
[Date "1981.08.??"]
[Round "10"]
[White "Schneider, Lars-Ake"]
[Black "Kaiszauri, Konstanty"]
[Result "1/2-1/2"]
[WhiteElo "2410"]
[BlackElo "2370"]
[EventDate "1981.08.19"]
[PlyCount "26"]

1. e4 e5 2. Nf3 Nc6 3. Bb5 a6 4. Ba4 Nf6 5. O-O Be7 6. Bxc6 dxc6 7. Re1 Nd7 8. d4 exd4 9. Nxd4 O-O 10. Nc3 Ne5 11. Bf4 Bf6 12. Nb3 Qe7 13. Qe2 g6 1/2-1/2

[Event "9th Eksjo it"]
[Site "Eksjo SWE"]
[Date "1981.08.??"]
[Round "11"]
[White "Forintos, Gyozo"]
[Black "Karlsson, Lars"]
[Result "0-1"]
[WhiteElo "2460"]
[BlackElo "2460"]
[EventDate "1981.08.19"]
[PlyCount "76"]

1. d4 Nf6 2. c4 e6 3. Nc3 Bb4 4. Qc2 Bxc3+ 5. Qxc3 b6 6. Qg3 Nc6 7. e4 Nxd4 8. Bd3 d6 9. Qxg7 Rg8 10. Qh6 Rg6 11. Qe3 e5 12. Nf3 c5 13. Nh4 Rg4 14. g3 b5 15. h3 Rxh4 16. gxh4 bxc4 17. Bb1 Bb7 18. a4 Nb3 19. Ra3 Qa5+ 20. Kf1 Nxc1 21. Qxc1 Nxe4 22. Rg1 Qd2 23. Qxd2 Nxd2+ 24. Ke2 Nxb1 25. Rxb1 Be4 26. Rg1 Ke7 27. h5 Rb8 28. Ra2 d5 29. a5 a6 30. Kd2 Ke6 31. Rc1 d4 32. Rca1 Rb3 33. Rg1 Rxh3 34. Rg8 c3+ 35. bxc3 dxc3+ 36. Ke1 Rh1+ 37. Ke2 c2 38. Rxc2 Bxc2 0-1

[Event "9th Eksjo it"]
[Site "Eksjo SWE"]
[Date "1981.08.??"]
[Round "11"]
[White "Kaiszauri, Konstanty"]
[Black "Moen, Ole Christian"]
[Result "0-1"]
[WhiteElo "2370"]
[BlackElo "2315"]
[EventDate "1981.08.19"]
[PlyCount "68"]

1. c4 Nf6 2. Nc3 g6 3. Nf3 Bg7 4. g3 O-O 5. Bg2 d6 6. O-O c6 7. Rb1 e5 8. d3 a5 9. a3 Re8 10. b4 axb4 11. axb4 e4 12. dxe4 Nxe4 13. Nxe4 Rxe4 14. Nd2 Re8 15. Bb2 Bxb2 16. Rxb2 Qf6 17. Rb3 Bf5 18. g4 Bxg4 19. Ne4 Qe7 20. Qd4 Nd7 21. Nxd6 Qe5 22. e3 Be2 23. Rc1 Re6 24. c5 Qh5 25. Nxf7 Nf6 26. Nd8 Re5 27. f4 Rd5 28. Qxf6 Raxd8 29. e4 Rd1+ 30. Rxd1 Rxd1+ 31. Kf2 Bc4 32. Rb2 Qxh2 33. Qe7 Rf1+ 34. Ke3 Qg1+ 0-1

[Event "9th Eksjo it"]
[Site "Eksjo SWE"]
[Date "1981.08.??"]
[Round "11"]
[White "Nun, Josef"]
[Black "Rantanen, Yrjo"]
[Result "1-0"]
[WhiteElo "2390"]
[BlackElo "2465"]
[EventDate "1981.08.19"]
[PlyCount "73"]

1. e4 c5 2. c3 Nf6 3. e5 Nd5 4. d4 cxd4 5. Nf3 Nc6 6. Bc4 Nb6 7. Bb3 d5 8. exd6 Qxd6 9. O-O Bf5 10. Nxd4 Nxd4 11. cxd4 g6 12. Qf3 Bg7 13. Nc3 O-O 14. Qxb7 Rfb8 15. Qf3 Qxd4 16. Be3 Qd8 17. Rad1 Qf8 18. Nd5 Rd8 19. Nxb6 axb6 20. Bxb6 Rxd1 21. Rxd1 Bxb2 22. a4 Be5 23. g4 Be6 24. Bxe6 fxe6 25. Qxa8 Qxa8 26. Rd8+ Qxd8 27. Bxd8 Kf8 28. Bb6 Ke8 29. a5 Kd7 30. a6 Kc6 31. Be3 Bd6 32. h3 Bb4 33. Kg2 Bd6 34. Kf3 Be5 35. Ke4 Bd6 36. f4 Bc7 37. Kf3 1-0

[Event "9th Eksjo it"]
[Site "Eksjo SWE"]
[Date "1981.08.??"]
[Round "11"]
[White "Wedberg, Tom"]
[Black "Renman, Nils-Gustaf"]
[Result "1-0"]
[WhiteElo "2420"]
[BlackElo "2400"]
[EventDate "1981.08.19"]
[PlyCount "69"]

1. e4 e6 2. d4 d5 3. Nc3 Bb4 4. e5 c5 5. a3 Bxc3+ 6. bxc3 Ne7 7. Ne2 Bd7 8. a4 Nbc6 9. Ba3 cxd4 10. cxd4 f6 11. exf6 gxf6 12. g3 e5 13. Bg2 Qa5+ 14. c3 Bf5 15. O-O O-O-O 16. Rc1 Be6 17. Re1 Kb8 18. dxe5 fxe5 19. Nd4 exd4 20. Rxe6 Nf5 21. Rf6 Ng7 22. Bb4 Qc7 23. cxd4 Rhe8 24. Qg4 Ka8 25. Bd2 Qe7 26. Bg5 h5 27. Qh4 Qa3 28. Qf4 Rd7 29. Bh3 Rde7 30. Rfxc6 bxc6 31. Bxe7 Qxe7 32. Rxc6 Rf8 33. Qc1 Kb7 34. a5 Nf5 35. a6+ 1-0